The Inner Circle - Fashion - Statistics

General Stats
  • This quiz has been taken 6 times
  • The average score is 14 of 100
Answer Stats
Hint Answer % Correct
2 Chanel
100%
1 Louis Vuitton
100%
19 Burberry
80%
64 Calvin Klein
60%
37 C&A
60%
10 Dior
60%
39 Dolce & Gabbana
60%
11 Gucci
60%
4 Hermes
60%
14 Prada
60%
6 Adidas
40%
53 Fendi
40%
12 H&M
40%
57 Old Navy
40%
47 Puma
40%
7 Rolex
40%
76 Tommy Hilfiger
40%
5 Zara
40%
51 Armani
20%
9 Cartier
20%
13 Coach
20%
67 GAP
20%
84 Jimmy Choo
20%
78 Lacoste
20%
28 Levi's
20%
18 Lululemon
20%
32 Michael Kors
20%
3 Nike
20%
41 Omega
20%
55 Salvatore Ferragamo
20%
99 Swatch
20%
25 Tom Ford
20%
35 Under Armour
20%
8 Uniqlo
20%
85 Valentino
20%
81 Aldo
0%
50 American Eagle Outfitters
0%
45 Asics
0%
62 Audemars Piguet
0%
97 Banana Republic
0%
92 Bogner
0%
94 Breguet
0%
49 Brunello Cucinelli
0%
100 Cavalli
0%
38 Chopard
0%
23 Chow Tai Fook
0%
40 Christian Louboutin
0%
83 Cole Haan
0%
98 Desigual
0%
63 Diesel
0%
90 Elie Saab
0%
86 Elie Taharie
0%
95 ESCADA
0%
42 Foot Locker Inc.
0%
69 Forever 21
0%
88 Fossil
0%
66 Furla
0%
80 G-star
0%
56 Hugo Boss
0%
58 IWC Schaffhausen
0%
87 Jaeger-Le Coultre
0%
73 Lao Feng Xiang
0%
71 Longchamp
0%
68 Longines
0%
44 Macy's
0%
61 Manolo Blahnik
0%
60 Max Mara
0%
16 Moncler
0%
65 Net-a-Porter
0%
31 New Balance
0%
93 New Look
0%
30 Next
0%
52 Nine West
0%
36 Nordstrom
0%
82 Oakley
0%
26 Pandora
0%
91 Patagonia
0%
21 Patek Philippe
0%
24 Polo Ralph Lauren
0%
59 Primark
0%
43 Ray Ban
0%
17 Sephora
0%
72 Sisley
0%
33 Skechers
0%
48 Steve Madden
0%
70 Stuart Weitzman
0%
22 Swarovski
0%
96 Tag Heuer
0%
27 The North Face
0%
15 Tiffany & Co.
0%
75 Tissot
0%
34 TJ Maxx
0%
74 TOD's
0%
79 Topshop
0%
77 Tory Burch
0%
54 Urban Outfitters
0%
89 Vacheron Constantin
0%
46 Vera Wang
0%
29 Victoria's Secret
0%
20 Zalando
0%
No matching quizzes found
Score Distribution
Percent of People with Each Score
Percentile by Number Answered
Your Score History
You have not taken this quiz